| 000 | 00497nam a2200157 4500 | ||
|---|---|---|---|
| 001 | 111295 | ||
| 003 | ES-MaACL | ||
| 005 | 20230906185258.0 | ||
| 007 | t| | ||
| 008 | 061121s1969 sp r ||||1| spa d | ||
| 100 | 1 |
_aNegro López, Jesús Alfredo. _985315 |
|
| 245 | 1 | 0 |
_aTecnología... _b: segundo curso del grado de aprendizaje industrial... / _cJesús-Alfredo Negro López. |
| 260 |
_aLeón : _bEverest, _c1969. |
||
| 300 |
_a207 p. : _bil. ; _c21 cm. |
||
| 852 |
_aES-MaACL _jC-48345 _bR.71244 |
||
| 999 |
_c111295 _d111295 |
||